|
|
|
|
| LEADER |
01229ppm a22002658a 4500 |
| 001 |
00044590 |
| 005 |
20190820080800.0 |
| 008 |
170628s2017 ||||||viesd |
| 041 |
0 |
# |
|a vie
|
| 082 |
1 |
4 |
|b QU105L
|a 363.7
|
| 100 |
1 |
# |
|a Lê, Thị Mỹ Dung
|
| 245 |
0 |
0 |
|b Luận văn thạc sĩ khoa học giáo dục. Chuyên ngành: Quản lý giáo dục. Mã số: 8.14.01.14
|c Lê Thị Mỹ Dung; Nguyễn Văn Đệ (hướng dẫn)
|a Quản lý hoạt động giáo dục bảo vệ môi trường cho học sinh THPT ở huyện U Minh Thượng, tỉnh Kiên Giang
|
| 260 |
# |
# |
|a Đồng Tháp
|b Đại học Đồng Tháp
|c 2019
|
| 300 |
# |
# |
|a 117 tr. +phụ lục
|c 30cm.
|
| 500 |
# |
# |
|a ĐTTS ghi: Bộ giáo dục và đào tạo. Trường Đại học Đồng Tháp
|
| 653 |
# |
# |
|a Bảo vệ môi trường
|
| 653 |
# |
# |
|a THPT
|
| 653 |
# |
# |
|a Quản lý giáo dục
|
| 653 |
# |
# |
|a Giáo dục
|
| 653 |
# |
# |
|a Kiên Giang
|
| 653 |
# |
# |
|a Luận văn
|
| 700 |
1 |
# |
|a Nguyễn, Văn Đệ
|e Hướng dẫn
|
| 852 |
# |
# |
|j LV.0002270
|j LV.0002271
|
| 910 |
# |
# |
|d 20/8/2019
|
| 980 |
# |
# |
|a Trung tâm Học liệu Lê Vũ Hùng, Trường Đại học Đồng Tháp
|